Príspevok k riešeniu fázového problému röntgenoštruktúrnej analýzy koordinačných zlúčenín s alkaloidmi ako ligandami : Kan.diz.práca : Obh. 20.01.1986 /
Uložené v:
| Hlavný autor: | |
|---|---|
| Ďalší autori: | , |
| Médium: | Rukopis Kniha |
| Vydavateľské údaje: |
Bratislava :
SVŠT v Bratislave ChtF,
1985
|
| Predmet: | |
| Tagy: |
Žiadne tagy, Buďte prvý, kto otaguje tento záznam!
|
MARC
| LEADER | 00000ntm a22000003a 4500 | ||
|---|---|---|---|
| 001 | stu4451 | ||
| 005 | 20150617225810.4 | ||
| 008 | ------s1985----------------------------d | ||
| 040 | |a STU |b slo | ||
| 041 | 0 | ||
| 100 | 1 | |a Koreň, Bratislav |4 aut | |
| 245 | 1 | |a Príspevok k riešeniu fázového problému röntgenoštruktúrnej analýzy koordinačných zlúčenín s alkaloidmi ako ligandami : |b Kan.diz.práca : Obh. 20.01.1986 / |c [aut.] Koreň,Bratislav; Škol. Macko,P.;Škol. Valach,F | |
| 260 | |a Bratislava : |b SVŠT v Bratislave ChtF, |c 1985 | ||
| 300 | |a 77 s : |b príl | ||
| 650 | 7 | |a kryštaloštrukturálny výskum |2 stusub | |
| 700 | 1 | |a Macko, Peter |4 ths | |
| 700 | 1 | |a Valach, Fedor, |d 1946- |4 ths |u C5280 |U FCHPT Ústav fyzikálnej chémie a chemickej fyziky |T FCHPT Oddelenie chemickej fyziky |X 3266 |U C5280 |Y 118 |7 A000003266 | |
| 996 | |b 284ED00423 |c E*KDIZ-484 |l EE01 |s A |a 24 |w stu4451_0001 | ||